ARRUPE JESUIT UNIVERSITY

CORONAVIRUS -STOP THE SPREAD - CLEAN,DISINFECT,COVER

History of mathematics (Record no. 122459)

MARC details
000 -LEADER
fixed length control field 00469nam a22001337a 4500
008 - FIXED-LENGTH DATA ELEMENTS--GENERAL INFORMATION
fixed length control field 150318b xxu||||| |||| 00| 0 eng d
050 ## - LIBRARY OF CONGRESS CALL NUMBER
Classification number QA21.S6 1951 V.1
100 ## - MAIN ENTRY--PERSONAL NAME
Personal name Smith, D.E.
9 (RLIN) 16406
245 ## - TITLE STATEMENT
Title History of mathematics
Remainder of title general survey of the history of elementary mathematics
Statement of responsibility, etc /by David Eugene Smith
260 ## - PUBLICATION, DISTRIBUTION, ETC. (IMPRINT)
Place of publication, distribution, etc New York
Name of publisher, distributor, etc Dover publications
Date of publication, distribution, etc 1951
300 ## - PHYSICAL DESCRIPTION
Extent 2vol. xxii,596p. ;
Dimensions 22cm.
650 ## - SUBJECT ADDED ENTRY--TOPICAL TERM
Topical term or geographic name as entry element Mathematics
General subdivision History
9 (RLIN) 14019
942 ## - ADDED ENTRY ELEMENTS (KOHA)
Source of classification or shelving scheme Library of Congress Classification
Item type Monograph ( Printed materials)
Holdings
Withdrawn status Lost status Source of classification or shelving scheme Damaged status Not for loan Home library Current library Date acquired Total Checkouts Full call number Barcode Date last seen Price effective from Koha item type
    Library of Congress Classification     ARRUPE LIBRARY ARRUPE LIBRARY 18/03/2015   QA21.S6 1951 V.1 46500003695 02/07/2019 18/03/2015 Monograph ( Printed materials)
    Library of Congress Classification     ARRUPE LIBRARY ARRUPE LIBRARY 18/03/2015   QA21.S6 1951 V.2 46500003698 02/07/2019 18/03/2015 Monograph ( Printed materials)

 

Arrupe Library. PO Box MP320 Mt Pleasant, Harare, Zimbabwe
263 242 745411|librarian@aju.ac.zw